000
00267nam a22000977a 4500
020
_a
9789945802078
100
1
_a
Florentino, Maritza
_9
87364
245
0
_a
Bienvenida, la tortuga verde, va a Nueva York
264
_a
Santo Domingo :
_b
Búho,
_c
2024.
300
_a
38 páginas ;
999
_c
58659
_d
58659